000 01388nam a2200265 i 4500
001 154117
003 ES-MaACL
005 20230906205530.0
008 981022s1526 sp a |||| | spa d
100 1 _aFontanus, Jacobus.
_951623
245 1 3 _aLa muy lame[n]table conquista y cruenta batalla de Rhodas
_b: nueuame[n]te sacada de la le[n]gua latina en nuestro vulgar castellano y puesta por mejor modo que en el latin estaua /
_cpor el bachiller Christoual de Arcos...
260 _a[Seuilla] :
_bacabosse ... de imprimir ... en casa de Juan Varela de Salam¯aca vezino de ... Seuilla,
_c1526, 15 Nouiembre.
300 _aLXIIII h. :
_bil. ;
_c28 cm.
530 _aDisponible en formato digital.
594 _aEl autor consta en la dedicatoria.
597 _aSign.: a-H8.
597 _aPortada orlada xil. a dos tintas con escudo arzobispal. Letra gótica. Texto a dos columnas.
599 _aIlustraciones xil.
610 2 4 _aOrden de Malta-
_zRodas-
_vHistoria.
_9156779
651 4 _aGrecia-
_xHistoria-
_y1453-1821.
_9156780
700 1 _aArcos, Cristobal de.
_922514
740 3 2 _aLa muy lamentable conquista y cruenta batalla de Rhodas.
852 4 _aES-MaACL
_jR-1005
_xOlim: G-9735
_z(Hojas I-X deterioradas, afectando al texto)
_z- Enc.hol.
_x Olim: G-9735
856 4 _uhttps://opacplus.bsb-muenchen.de/search?id=165863608&db=100&View=default
_zEuropeana
999 _c154117
_d154117